000 00782cam a22002534a 4500
008
020 _a0415234085 (pbk.)
049 _aMAIN
090 _aHC79.E5
_bPLA
245 0 0 _aPlanning for a sustainable future /
_cedited by Antonia Layard, Simin Davoudi, and Susan Batty.
260 _aNew York :
_bTaylor and Francis,
_c2001.
300 _axii, 325 p. :
_bill., maps ;
_c24 cm.
500 _aIncludes index.
504 _aIncludes bibliographical references.
650 0 _aSustainable development.
700 1 _aLayard, Antonia.
700 1 _aDavoudi, Simin.
700 1 _aBatty, Susan.
907 _a.b10368218
_b09-02-16
_c08-02-16
003
005 20230123122205.0
040 _cNUST
942 _cBOOKS
_kHC79.E5
_mPLA
999 _c129363
_d129363